000 00748pam a2200265 a 4500
001 2613882
003 CEME
005 20210628201617.0
008 980427s1998 nyua f 001 0 eng
010 _a 98007701
020 _a0789437694
020 _a0789434121 (pbk.)
040 _aDLC
_cDLC
_dDLC
050 0 0 _aAG106
_b.A85 1998
082 0 0 _a031.02
_221
100 1 _aAsh, Russell.
_956001
245 1 4 _aThe factastic book of 1001 lists /
_cRussell Ash.
246 3 0 _aFactastic book of a thousand and one lists
250 _a1st American ed.
260 _aNew York :
_bDK Pub.,
_c1998.
300 _a208 p. :
_bcol. ill. ;
_c29 cm.
500 _aIncludes index.
650 0 _aHandbooks, vade-mecums, etc.
_947088
942 _2ddc
_cBK
999 _c566570
_d566570